00653nam a2200193 i 450000100060000000300090000600500170001500700030003200800410003508000350007608000240011110000140013524501020014926000670025130000220031860000650034070000330040585200210043894965ES-MaACL20250624194251.0t|050519s1930 fr ||||1| fre d a821.134.2 León, Luis de 1.07 a929 León, Luis de1 aLugan, A.13aLe grand poète-moine du siècle d'or espagnol Luis de León b: (1528-1591) / cpar A. Lugan. aParis : bSocété d'édition "Les Belles Lettres", c1930. a194 p. ; c21 cm.14aLeón, Luis de, d1527-1591- xCrítica e interpretación1 aLeón, Luis de, d1527-1591 aES-MaACLjB-5708